[Event "Doeberl Cup Major 48th"]
[Site "Canberra"]
[Date "2010.04.04"]
[Round "5"]
[White "Chan, Jason"]
[Black "Grcic, Milan"]
[Result "1/2-1/2"]
[WhiteElo "1956"]
[BlackElo "1707"]
[PlyCount "24"]
[EventDate "2010.04.02"]
[EventType "swiss"]
[EventRounds "7"]
[EventCountry "AUS"]
[SourceTitle "EXT 2012"]
[Source "ChessBase"]
[SourceDate "2011.11.24"]
[SourceVersion "1"]
[SourceVersionDate "2011.11.24"]
[SourceQuality "1"]

1. Nf3 d5 2. g3 Nf6 3. Bg2 c6 4. d3 Bg4 5. Nbd2 Nbd7 6. 0-0 e5 7. e4 dxe4 8. dxe4 Be7 9. Re1 0-0 10. Nc4 Qc7 11. Ne3 Bh5 12. Nf5 Nc5 1/2-1/2

[Event "AUS-ch Major"]
[Site "Cammeray"]
[Date "2010.01.08"]
[Round "6"]
[White "Abbott, Peter"]
[Black "Chan, Jason"]
[Result "1-0"]
[WhiteElo "1784"]
[BlackElo "1986"]
[PlyCount "111"]
[EventDate "2010.01.02"]
[EventType "swiss"]
[EventRounds "11"]
[EventCountry "AUS"]
[SourceTitle "EXT 2011"]
[Source "ChessBase"]
[SourceDate "2010.11.26"]
[SourceVersion "1"]
[SourceVersionDate "2010.11.26"]
[SourceQuality "1"]

1. d4 g6 2. c4 Nf6 3. Nc3 Bg7 4. e4 d6 5. f3 0-0 6. Bg5 c5 7. d5 a6 8. Qd2 b5 9. cxb5 Qa5 10. a4 Nbd7 11. Nge2 Nb6 12. Nc1 e6 13. dxe6 Bxe6 14. Be2 Nc4 15. Bxc4 Bxc4 16. Ra3 Qb4 17. Qc2 axb5 18. Bd2 bxa4 19. Nd5 Qb5 20. Nc7 Qc6 21. Nxa8 Bb5 22. Ne2 Rxa8 23. Nc3 Nd7 24. Nd5 Re8 25. Kd1 Ne5 26. Ne3 Rb8 27. Bc3 Bh6 28. Bxe5 dxe5 29. Nd5 Kf8 30. h4 f5 31. Re1 Rd8 32. Rc3 c4 33. Qf2 Rd7 34. Ke2 Ke8 35. Rd1 Bf8 36. Qg3 Qe6 37. Qg5 Kf7 38. h5 Bb4 39. Nxb4 Rd4 40. hxg6+ hxg6 41. Rh1 fxe4 42. Nc2 Rd3 43. Ne3 a3 44. Ng4 exf3+ 45. gxf3 axb2 46. Nxe5+ Kg8 47. Rxd3 cxd3+ 48. Kd2 Be8 49. Nxd3 Qa2 50. Nxb2 Qxb2+ 51. Ke3 Qc3+ 52. Kf2 Qc2+ 53. Kg3 Qc7+ 54. Qf4 Qc5 55. Re1 Qc8 56. Qe5 1-0

[Event "AUS-ch Major"]
[Site "Cammeray"]
[Date "2010.01.06"]
[Round "4"]
[White "Brockman, Roland"]
[Black "Chan, Jason"]
[Result "0-1"]
[WhiteElo "1573"]
[BlackElo "1986"]
[PlyCount "66"]
[EventDate "2010.01.02"]
[EventType "swiss"]
[EventRounds "11"]
[EventCountry "AUS"]
[SourceTitle "EXT 2011"]
[Source "ChessBase"]
[SourceDate "2010.11.26"]
[SourceVersion "1"]
[SourceVersionDate "2010.11.26"]
[SourceQuality "1"]

1. d4 g6 2. h4 Nf6 3. Bf4 d6 4. c3 Bg7 5. Nd2 Bf5 6. Qb3 Nbd7 7. f3 e5 8. dxe5 dxe5 9. Bh2 0-0 10. e4 Be6 11. Qc2 Nh5 12. g3 c6 13. Bc4 Nc5 14. Bxe6 Nxe6 15. Ne2 b5 16. Kf1 Qe7 17. Kg2 a5 18. g4 Nhf4+ 19. Nxf4 exf4 20. Bg1 a4 21. a3 Rfd8 22. Bf2 Qd6 23. Rhd1 Qd3 24. Qc1 Qe2 25. Rb1 Rd3 26. Kg1 Rad8 27. Be1 Bf6 28. g5 Be7 29. Kh1 f6 30. c4 fxg5 31. hxg5 Nxg5 32. cxb5 Nxf3 33. Qc4+ Kg7 0-1

[Event "Oceania zt"]
[Site "Gold Coast"]
[Date "2009.06.22"]
[Round "6"]
[White "Chan, Jason"]
[Black "Smith, Robert Wayne"]
[Result "0-1"]
[WhiteElo "2056"]
[BlackElo "2274"]
[PlyCount "187"]
[EventDate "2009.06.20"]
[EventType "swiss"]
[EventRounds "9"]
[EventCountry "AUS"]
[SourceTitle "CBM 130 Extra"]
[Source "ChessBase"]
[SourceDate "2009.07.02"]
[SourceVersion "2"]
[SourceVersionDate "2009.07.15"]
[SourceQuality "1"]

1. e4 c5 2. Nf3 d6 3. d3 Nc6 4. g3 g6 5. Bg2 Bg7 6. 0-0 e5 7. c3 Nge7 8. Nbd2 0-0 9. a4 h6 10. Nc4 Be6 11. Nfd2 d5 12. exd5 Nxd5 13. a5 Qe7 14. Qa4 a6 15. Re1 Rfd8 16. Nb3 Rac8 17. Qa3 Bf8 18. Nxe5 Nxe5 19. Rxe5 Qf6 20. Rxe6 Qxe6 21. Qa4 Nf6 22. d4 cxd4 23. Nxd4 Qe1+ 24. Bf1 Qe8 25. Qb3 Qe1 26. Qa4 Qe7 27. Bd2 Nd7 28. Re1 Qf6 29. Bg2 Nc5 30. Qc2 Re8 31. Rxe8 Rxe8 32. b4 Ne6 33. Nxe6 Rxe6 34. Qd3 Rd6 35. Qe2 Qd8 36. Be3 Rd1+ 37. Bf1 Bg7 38. h4 h5 39. Bg5 Qd7 40. Kh2 Bxc3 41. Bg2 Bxb4 42. Bxb7 Rd6 43. Bxa6 Bxa5 44. Be3 Qe6 45. Bc4 Qe8 46. Bc5 Qxe2 47. Bxe2 Rd2 48. Bf3 Rb2 49. Kg2 Bb6 50. Bxb6 Rxb6 51. Bd5 Rb2 52. Bf3 Kg7 53. Bd5 Rd2 54. Bc6 Kf6 55. Kf3 Kf5 56. Bb5 Ra2 57. Bc6 Ra3+ 58. Kg2 Ke5 59. Kf1 Ra2 60. Be8 Ke6 61. Kg2 Ke7 62. Bb5 Rd2 63. Bc6 f6 64. Be4 Kf7 65. Bf3 Kg7 66. Kf1 Kh6 67. Kg2 g5 68. hxg5+ Kxg5 69. Be4 h4 70. gxh4+ Kxh4 71. Kf3 Kh3 72. Ke3 Rb2 73. Bf3 Kh2 74. Be4 Kg1 75. f3 Kh2 76. Kf4 Rb5 77. Bc6 Rc5 78. Be4 Kh3 79. Bb7 Kh4 80. Be4 Kh5 81. Bd3 Kh6 82. Be4 Kg7 83. Bd3 Kf7 84. Bf5 Rc4+ 85. Ke3 Ke7 86. Bh7 Kd6 87. Bg8 Rb4 88. Bh7 Ke5 89. Be4 Rb3+ 90. Ke2 Kf4 91. Bd5 Rb2+ 92. Kf1 Ke3 93. Kg1 Rf2 94. Be4 0-1

[Event "Oceania zt"]
[Site "Gold Coast"]
[Date "2009.06.20"]
[Round "2"]
[White "Chan, Jason"]
[Black "Feldman, Vladimir"]
[Result "1-0"]
[WhiteElo "2056"]
[BlackElo "2298"]
[PlyCount "55"]
[EventDate "2009.06.20"]
[EventType "swiss"]
[EventRounds "9"]
[EventCountry "AUS"]
[SourceTitle "CBM 130 Extra"]
[Source "ChessBase"]
[SourceDate "2009.07.02"]
[SourceVersion "2"]
[SourceVersionDate "2009.07.15"]
[SourceQuality "1"]

1. e4 c5 2. Nf3 d6 3. d3 Nc6 4. g3 g6 5. Bg2 Bg7 6. 0-0 Rb8 7. h3 e6 8. c3 Nge7 9. d4 cxd4 10. cxd4 0-0 11. Nc3 b5 12. Bf4 b4 13. Ne2 Ba6 14. Re1 Rc8 15. Qd2 d5 16. e5 Qb6 17. g4 b3 18. Ng3 Nb4 19. Bh6 Rc2 20. Qe3 Bxh6 21. Qxh6 f6 22. exf6 Rxf6 23. Ng5 Rfxf2 24. Qxh7+ Kf8 25. Bf3 Rxf3 26. Nxf3 Nd3 27. Qh8+ Ng8 28. Rf1 1-0

[Event "Sydney op-A"]
[Site "Parramatta"]
[Date "2009.04.18"]
[Round "8"]
[White "Abbott, Peter"]
[Black "Chan, Jason"]
[Result "1/2-1/2"]
[WhiteElo "1893"]
[BlackElo "2056"]
[PlyCount "97"]
[EventDate "2009.04.15"]
[EventType "swiss"]
[EventRounds "9"]
[EventCountry "AUS"]
[SourceTitle "CBM 129 Extra"]
[Source "ChessBase"]
[SourceDate "2009.05.05"]
[SourceVersion "2"]
[SourceVersionDate "2009.05.20"]
[SourceQuality "1"]

1. d4 Nf6 2. c4 g6 3. Nc3 Bg7 4. e4 d6 5. f3 0-0 6. Bg5 c5 7. d5 a6 8. Qd2 b5 9. cxb5 Qa5 10. a4 Nbd7 11. bxa6 Qb4 12. Bb5 Bxa6 13. Nge2 Ne5 14. 0-0 Bxb5 15. axb5 Nc4 16. Qc2 Qxb2 17. Qxb2 Nxb2 18. Rxa8 Rxa8 19. Rb1 Nd3 20. Kf1 Kf8 21. Bd2 Ke8 22. Nd1 Kd7 23. Bc3 Kc7 24. Rb3 c4 25. Rb1 Kb7 26. Bd4 h5 27. Nec3 Nxe4 28. Bxg7 Nd2+ 29. Ke2 Nxb1 30. Nxb1 Nf4+ 31. Kf1 Nxd5 32. Nd2 c3 33. Bxc3 Nxc3 34. Nxc3 e6 35. Ke2 d5 36. Kd3 Ra1 37. Kd4 Rg1 38. Kc5 Rxg2 39. Nb3 Rc2 40. Na5+ Ka8 41. Kd4 Rxh2 42. b6 Rb2 43. Kc5 h4 44. Nb5 h3 45. b7+ Kb8 46. Kb6 Rc2 47. Na7 Rb2+ 48. Nb5 Rc2 49. Na7 1/2-1/2

[Event "Sydney op-A"]
[Site "Parramatta"]
[Date "2009.04.15"]
[Round "1"]
[White "Chan, Jason"]
[Black "Deepan Chakkravarthy, J."]
[Result "0-1"]
[WhiteElo "2056"]
[BlackElo "2482"]
[PlyCount "52"]
[EventDate "2009.04.15"]
[EventType "swiss"]
[EventRounds "9"]
[EventCountry "AUS"]
[SourceTitle "CBM 129 Extra"]
[Source "ChessBase"]
[SourceDate "2009.05.05"]
[SourceVersion "2"]
[SourceVersionDate "2009.05.20"]
[SourceQuality "1"]

1. e4 c5 2. Nf3 e6 3. d3 Nc6 4. g3 g6 5. Bg2 Bg7 6. 0-0 Nge7 7. Re1 d6 8. c3 0-0 9. d4 cxd4 10. cxd4 Qb6 11. d5 Bxb2 12. Bxb2 Qxb2 13. Nbd2 exd5 14. exd5 Nxd5 15. Nc4 Qb5 16. Nxd6 Qa5 17. Ne5 Be6 18. Nxb7 Qc7 19. Nxc6 Qxc6 20. Na5 Qd7 21. Rc1 Rac8 22. Qd4 Qb5 23. Rxc8 Rxc8 24. Qxa7 Qa4 25. Qb7 Qxa5 26. Rxe6 Rc1+ 0-1

[Event "Sydney op-A"]
[Site "Parramatta"]
[Date "2009.04.15"]
[Round "2"]
[White "Lau, Joshua"]
[Black "Chan, Jason"]
[Result "1-0"]
[WhiteElo "1862"]
[BlackElo "2056"]
[PlyCount "59"]
[EventDate "2009.04.15"]
[EventType "swiss"]
[EventRounds "9"]
[EventCountry "AUS"]
[SourceTitle "CBM 129 Extra"]
[Source "ChessBase"]
[SourceDate "2009.05.05"]
[SourceVersion "2"]
[SourceVersionDate "2009.05.20"]
[SourceQuality "1"]

1. e4 c5 2. Nf3 d6 3. d4 cxd4 4. Nxd4 Nf6 5. Nc3 a6 6. f3 e5 7. Nb3 Be6 8. Be3 Nbd7 9. Qd2 b5 10. 0-0-0 Be7 11. g4 b4 12. Na4 a5 13. Bb5 Rb8 14. Qd3 Qc7 15. Kb1 0-0 16. Nd2 d5 17. g5 dxe4 18. Nxe4 Nxe4 19. fxe4 Rfd8 20. Qe2 Qb7 21. Bxd7 Bxd7 22. Nc5 Qb5 23. Qxb5 Bxb5 24. Rd5 Rxd5 25. exd5 a4 26. Rd1 Kf8 27. d6 Bd8 28. Rd5 f6 29. Ne6+ Ke8 30. Nc7+ 1-0

[Event "Doeberl Cup 47th"]
[Site "Canberra"]
[Date "2009.04.12"]
[Round "7"]
[White "Roy Chowdhury, Saptarshi"]
[Black "Chan, Jason"]
[Result "1-0"]
[WhiteElo "2469"]
[BlackElo "2056"]
[PlyCount "93"]
[EventDate "2009.04.09"]
[EventType "swiss"]
[EventRounds "9"]
[EventCountry "AUS"]
[SourceTitle "CBM 129 Extra"]
[Source "ChessBase"]
[SourceDate "2009.05.05"]
[SourceVersion "2"]
[SourceVersionDate "2009.05.20"]
[SourceQuality "1"]

1. e4 c5 2. Nf3 d6 3. c3 Nf6 4. Be2 g6 5. 0-0 Bg7 6. d3 0-0 7. Nbd2 e5 8. a3 Re8 9. b4 b6 10. Re1 Bb7 11. Qb3 cxb4 12. cxb4 d5 13. Bb2 Nc6 14. Qa2 d4 15. Bd1 Bh6 16. Bb3 Qe7 17. Nf1 Nh5 18. Bc1 Bxc1 19. Raxc1 Rec8 20. Qd2 Kg7 21. Ng3 Nxg3 22. hxg3 Nd8 23. Bc4 f6 24. Nh2 Nf7 25. f4 Nd6 26. Ba2 Nb5 27. Rf1 Rxc1 28. Qxc1 Rc8 29. Qd2 Rf8 30. fxe5 fxe5 31. Rxf8 Kxf8 32. Ng4 h5 33. Qh6+ Qg7 34. Qg5 Bc6 35. Nxe5 Be8 36. Nf3 Nxa3 37. Qf4+ Ke7 38. Qc7+ Kf8 39. Qd6+ Qe7 40. Qf4+ Kg7 41. Ng5 Bd7 42. Nf3 Be8 43. Nxd4 Bd7 44. e5 Nb5 45. e6 Nc3 46. exd7 Qxd7 47. Ne6+ 1-0

[Event "Doeberl Cup 47th"]
[Site "Canberra"]
[Date "2009.04.10"]
[Round "4"]
[White "Stojic, Dusan"]
[Black "Chan, Jason"]
[Result "1-0"]
[WhiteElo "2229"]
[BlackElo "2056"]
[PlyCount "85"]
[EventDate "2009.04.09"]
[EventType "swiss"]
[EventRounds "9"]
[EventCountry "AUS"]
[SourceTitle "CBM 129 Extra"]
[Source "ChessBase"]
[SourceDate "2009.05.05"]
[SourceVersion "2"]
[SourceVersionDate "2009.05.20"]
[SourceQuality "1"]

1. e4 c5 2. Nf3 d6 3. d4 cxd4 4. Nxd4 Nf6 5. Nc3 a6 6. Bg5 e6 7. f4 Be7 8. Qf3 Qc7 9. 0-0-0 Nbd7 10. g4 b5 11. Bxf6 gxf6 12. f5 Ne5 13. Qh3 0-0 14. Rg1 Kh8 15. Nce2 Rg8 16. Rg3 Bd7 17. Nf4 Rac8 18. Qg2 Qb7 19. fxe6 fxe6 20. Ndxe6 Rce8 21. h3 b4 22. Nd4 a5 23. Nf5 Qc6 24. Nd5 Bd8 25. Kb1 Nf7 26. Bd3 Qc5 27. Rf1 a4 28. Qd2 Ba5 29. Nxf6 Be6 30. Nxg8 b3 31. Qf2 bxa2+ 32. Ka1 Qxf2 33. Rxf2 Kxg8 34. Rf1 Bd2 35. Rg2 Bg5 36. Nd4 Ne5 37. Bb5 Re7 38. Nxe6 Rxe6 39. Bxa4 Kg7 40. Bb3 Rh6 41. Rg3 Bh4 42. Rc3 Bf6 43. Kxa2 1-0

[Event "Australian op"]
[Site "Manly Sydney"]
[Date "2009.01.08"]
[Round "8"]
[White "Ruan, Jack"]
[Black "Chan, Jason"]
[Result "0-1"]
[WhiteElo "1908"]
[BlackElo "2055"]
[PlyCount "150"]
[EventDate "2009.01.02"]
[EventType "swiss"]
[EventRounds "11"]
[EventCountry "AUS"]
[SourceTitle "CBM 128 Extra"]
[Source "ChessBase"]
[SourceDate "2009.03.05"]
[SourceVersion "2"]
[SourceVersionDate "2009.03.25"]
[SourceQuality "1"]

1. d4 Nf6 2. Nf3 g6 3. Bg5 Bg7 4. Nbd2 0-0 5. c3 d6 6. e4 h6 7. Bh4 Qe8 8. Bc4 e5 9. dxe5 dxe5 10. 0-0 a5 11. Qe2 Nh5 12. Bg3 Na6 13. Rfd1 Nc5 14. Nf1 a4 15. h3 Ne6 16. Bh2 Nhf4 17. Qc2 Qe7 18. Ne3 c6 19. Bf1 Kh7 20. Rd2 Ng5 21. Nxg5+ Qxg5 22. Kh1 Be6 23. h4 Qxh4 24. g3 Qh5 25. gxf4 exf4 26. Ng2 f3 27. Nf4 Qh4 28. Qd1 Bg4 29. Nd3 Ra5 30. e5 Rxe5 31. Nf4 Rg5 32. Kg1 Bh3+ 33. Bg3 Rxg3+ 34. fxg3 Qxg3+ 35. Bg2 Bxg2 36. Nxg2 Re8 37. Rf2 fxg2 38. Rxg2 Qe3+ 39. Kf1 Re6 40. Qe2 Qf4+ 41. Qf2 Qc4+ 42. Kg1 Rf6 43. Qe3 Rf5 44. Rd1 h5 45. a3 Bf8 46. Qe2 Bc5+ 47. Kh1 Qh4+ 48. Rh2 Qg5 49. Rg2 Qh4+ 50. Rh2 Qf6 51. Re1 Bd6 52. Rh3 Rf2 53. Qe3 Qf5 54. Rh4 Rxb2 55. Qe4 Qxe4+ 56. Rhxe4 b5 57. Ra1 Kg7 58. c4 g5 59. cxb5 cxb5 60. Rd4 Be5 61. Rd5 f6 62. Rc1 g4 63. Rcc5 Ra2 64. Rd7+ Kg6 65. Rxb5 h4 66. Rb4 Kf5 67. Rxa4 h3 68. Rd1 g3 69. Rh4 g2+ 70. Kg1 Rxa3 71. Rb1 Kg5 72. Rc4 f5 73. Rd1 Rf3 74. Rcc1 Kg4 75. Rc4+ Kg3 0-1

[Event "Australian op"]
[Site "Manly Sydney"]
[Date "2009.01.07"]
[Round "7"]
[White "Chan, Jason"]
[Black "Voon, Richard"]
[Result "1/2-1/2"]
[WhiteElo "2055"]
[BlackElo "1976"]
[PlyCount "88"]
[EventDate "2009.01.02"]
[EventType "swiss"]
[EventRounds "11"]
[EventCountry "AUS"]
[SourceTitle "CBM 128 Extra"]
[Source "ChessBase"]
[SourceDate "2009.03.05"]
[SourceVersion "2"]
[SourceVersionDate "2009.03.25"]
[SourceQuality "1"]

1. e4 c5 2. Nf3 d6 3. d3 Nc6 4. g3 g6 5. Bg2 Bg7 6. 0-0 e6 7. Re1 Nge7 8. c3 e5 9. Be3 0-0 10. Qd2 Re8 11. Bh6 d5 12. Bxg7 Kxg7 13. a4 d4 14. c4 f6 15. Na3 Nb4 16. Nc2 Nec6 17. Rf1 Be6 18. Nxb4 Nxb4 19. Ne1 Qd7 20. Nc2 a5 21. Nxb4 axb4 22. b3 Ra5 23. f4 Bf7 24. h4 Rea8 25. Rab1 Rf8 26. Rf2 Raa8 27. Rbf1 h6 28. Kh2 Qe7 29. Bh3 Bg8 30. Qd1 Rae8 31. f5 g5 32. Bg4 Bf7 33. Bh5 Bxh5 34. Qxh5 Qf7 35. Qxf7+ Kxf7 36. h5 g4 37. Kg2 Rg8 38. Ra2 Rg5 39. Rh1 Ke7 40. Kf2 Ra8 41. Ke2 Kd7 42. Kd2 Kc6 43. Kc2 Kb6 44. Kb2 Kc7 1/2-1/2

[Event "Australian op"]
[Site "Manly Sydney"]
[Date "2009.01.04"]
[Round "4"]
[White "Broekhuijse, Paul"]
[Black "Chan, Jason"]
[Result "0-1"]
[WhiteElo "2116"]
[BlackElo "2055"]
[PlyCount "120"]
[EventDate "2009.01.02"]
[EventType "swiss"]
[EventRounds "11"]
[EventCountry "AUS"]
[SourceTitle "CBM 128 Extra"]
[Source "ChessBase"]
[SourceDate "2009.03.05"]
[SourceVersion "2"]
[SourceVersionDate "2009.03.25"]
[SourceQuality "1"]

1. e4 c5 2. Nf3 d6 3. c3 Nf6 4. Be2 g6 5. 0-0 Bg7 6. Qc2 Qc7 7. d3 0-0 8. h3 e5 9. Na3 h6 10. Be3 a6 11. Rac1 Be6 12. Qb1 d5 13. Rfd1 Rd8 14. b4 Nbd7 15. bxc5 dxe4 16. dxe4 Nxc5 17. Nd2 Bf8 18. Nac4 b5 19. Nb2 Rab8 20. f3 Nh5 21. Kh2 Kh7 22. c4 b4 23. Nb3 a5 24. Rxd8 Rxd8 25. Rd1 Rxd1 26. Qxd1 Nxb3 27. axb3 Bc5 28. Bxc5 Qxc5 29. Qg1 Qxg1+ 30. Kxg1 Nf4 31. Bd1 Bd7 32. Kf2 g5 33. Bc2 Ne6 34. Nd3 f6 35. Ke3 Kg7 36. Bd1 Kf8 37. g3 Ke7 38. h4 Kd6 39. hxg5 hxg5 40. Bc2 Nc5 41. Nb2 Kc7 42. f4 Kb6 43. f5 Bc6 44. Nd1 a4 45. bxa4 Ka5 46. Nb2 b3 47. Bb1 Kb4 48. Nd3+ Nxd3 49. Bxd3 Bxa4 50. Kd2 Be8 51. Be2 Bf7 52. c5 Be8 53. g4 Bc6 54. Bd3 Kxc5 55. Kc3 b2 56. Bb1 Bb5 57. Kxb2 Kd4 58. Kc1 Be2 59. Kd2 Bxg4 60. Ke1 Bf3 0-1

[Event "Australian op"]
[Site "Manly Sydney"]
[Date "2009.01.03"]
[Round "2"]
[White "Nowak, Miroslaw"]
[Black "Chan, Jason"]
[Result "0-1"]
[WhiteElo "2064"]
[BlackElo "2055"]
[PlyCount "84"]
[EventDate "2009.01.02"]
[EventType "swiss"]
[EventRounds "11"]
[EventCountry "AUS"]
[SourceTitle "CBM 128 Extra"]
[Source "ChessBase"]
[SourceDate "2009.03.05"]
[SourceVersion "2"]
[SourceVersionDate "2009.03.25"]
[SourceQuality "1"]

1. Nc3 c5 2. e4 e6 3. f4 d5 4. Nf3 dxe4 5. Nxe4 Be7 6. Bb5+ Bd7 7. Bxd7+ Nxd7 8. 0-0 Ngf6 9. d3 Qc7 10. Qe2 0-0 11. Bd2 Rac8 12. b3 Nxe4 13. dxe4 c4 14. Be3 a6 15. Bd4 Nf6 16. c3 Qxf4 17. Nd2 Qh4 18. g3 Qg4 19. Qxg4 Nxg4 20. Nxc4 b5 21. h3 bxc4 22. hxg4 Bc5 23. b4 Bxd4+ 24. cxd4 c3 25. Rac1 Rc4 26. a3 Rxd4 27. Rxc3 Rxe4 28. Rf4 Re1+ 29. Kf2 Ra1 30. Rd4 g6 31. Rd6 Ra8 32. Rd7 h6 33. Rcc7 Rxa3 34. Kg2 Rf8 35. Ra7 Ra4 36. Rdb7 Kg7 37. Kf3 Kf6 38. Ke4 Kg5 39. Kf3 Ra3+ 40. Ke4 Kxg4 41. b5 Ra4+ 42. Ke5 axb5 0-1

[Event "Sydney op"]
[Site "Parramatta"]
[Date "2007.04.11"]
[Round "3"]
[White "Smith, Vivian J"]
[Black "Chan, Jason"]
[Result "1/2-1/2"]
[WhiteElo "1742"]
[BlackElo "2099"]
[PlyCount "136"]
[EventDate "2007.04.10"]
[EventType "swiss"]
[EventRounds "9"]
[EventCountry "AUS"]
[SourceTitle "EXT 2023"]
[Source "ChessBase"]
[SourceDate "2022.10.05"]
[SourceVersion "1"]
[SourceVersionDate "2022.10.05"]
[SourceQuality "1"]

1. e4 c5 2. Nc3 e6 3. f4 d6 4. Nf3 Nf6 5. g3 Be7 6. Bg2 0-0 7. 0-0 a6 8. d3 Nc6 9. h3 d5 10. e5 Nd7 11. Bd2 Rb8 12. Ne2 b5 13. c3 b4 14. d4 bxc3 15. bxc3 Nb6 16. Rb1 Bd7 17. Be3 Nc4 18. Bf2 Qc7 19. Rxb8 Rxb8 20. Nd2 Nxd2 21. Qxd2 Na5 22. Qc2 cxd4 23. Nxd4 Qc4 24. Rb1 Rxb1+ 25. Qxb1 Qc7 26. Qc2 Nc4 27. Bf1 h6 28. Qc1 Ba3 29. Qc2 Bf8 30. Qc1 Qa5 31. Bxc4 dxc4 32. Qb2 Bb5 33. Qc2 Bd7 34. Qb2 Qc7 35. Qe2 a5 36. Qb2 a4 37. Nc2 Bc6 38. Qb6 Qd7 39. Qd4 Qxd4 40. Bxd4 Be4 41. Ne3 Bd3 42. Kf2 Ba3 43. Ke1 Kf8 44. Kd2 Ke8 45. Bb6 Kd7 46. Ba5 Bc5 47. Bb4 Kc6 48. Bxc5 Kxc5 49. a3 Kc6 50. Ke1 Kd7 51. Kf2 Ke7 52. Nd1 Bc2 53. Ne3 Bb3 54. Kf3 Kd7 55. Ke4 Kc6 56. Kd4 Kb5 57. g4 Ba2 58. f5 Bb3 59. fxe6 fxe6 60. h4 g5 61. hxg5 hxg5 62. Ke4 Kc5 63. Kf3 Kc6 64. Ke4 Kb5 65. Kd4 Ba2 66. Ke4 Kc5 67. Kf3 Bb1 68. Kg3 Be4 1/2-1/2

[Event "Doeberl Cup 44th"]
[Site "Canberra"]
[Date "2006.04.16"]
[Round "6"]
[White "Reading, Jeremy"]
[Black "Chan, Jason"]
[Result "0-1"]
[WhiteElo "1810"]
[BlackElo "2044"]
[PlyCount "124"]
[EventDate "2006.04.14"]
[EventType "swiss"]
[EventRounds "7"]
[EventCountry "AUS"]
[SourceTitle "CBM 111 Extra"]
[Source "ChessBase"]
[SourceDate "2006.05.09"]
[SourceVersion "1"]
[SourceVersionDate "2006.05.09"]
[SourceQuality "1"]

1. Nf3 Nf6 2. g3 g6 3. Bg2 Bg7 4. 0-0 0-0 5. d3 d6 6. e4 c5 7. c3 Nc6 8. Nbd2 Rb8 9. a4 e5 10. Nc4 h6 11. Nh4 d5 12. exd5 Nxd5 13. Ne3 Be6 14. Qe2 Qd7 15. Nxd5 Bxd5 16. Bxd5 Qxd5 17. Qe4 Rbd8 18. Be3 Qxd3 19. Qxd3 Rxd3 20. Bxc5 Rfd8 21. Be3 a6 22. Rfe1 Kh7 23. Re2 f5 24. Ng2 g5 25. f4 Kg6 26. Kf2 Bf6 27. h4 exf4 28. gxf4 g4 29. Bb6 Rf3+ 30. Ke1 Rd7 31. Rd1 Rxd1+ 32. Kxd1 Kf7 33. Bc7 Ne7 34. Be5 Bxe5 35. Rxe5 Kf6 36. Ke2 Ng6 37. Rd5 Nxf4+ 38. Nxf4 Rxf4 39. Rd6+ Ke5 40. Rxh6 Rxa4 41. Rb6 g3 42. Kf3 Rg4 43. Kg2 f4 44. Rxb7 f3+ 45. Kg1 g2 46. Rf7 Ke4 47. Re7+ Kf4 48. Rf7+ Kg3 49. h5 Ra4 50. Rg7+ Kh3 51. Kf2 Ra1 52. h6 Rf1+ 53. Ke3 g1Q+ 54. Rxg1 Rxg1 55. h7 Re1+ 56. Kxf3 Re8 57. c4 Rh8 58. Ke3 Rxh7 59. Kd3 Kg4 60. b4 Rb7 61. Kc3 Kf5 62. c5 Ke6 0-1

[Event "Queenstown op"]
[Site "Queenstown"]
[Date "2006.01.24"]
[Round "10"]
[White "Chan, Jason"]
[Black "Wastney, Scott C"]
[Result "0-1"]
[WhiteElo "2128"]
[BlackElo "2256"]
[PlyCount "104"]
[EventDate "2006.01.15"]
[EventType "swiss"]
[EventRounds "10"]
[EventCountry "NZL"]
[SourceTitle "CBM 110 Extra"]
[Source "ChessBase"]
[SourceDate "2006.03.10"]
[SourceVersion "2"]
[SourceVersionDate "2006.03.10"]
[SourceQuality "1"]

1. e4 e5 2. Nf3 Nc6 3. Nc3 Nf6 4. g3 Bb4 5. d3 d5 6. exd5 Nxd5 7. Bd2 Bg4 8. Bg2 Bxc3 9. bxc3 0-0 10. h3 Bh5 11. Qb1 Nb6 12. 0-0 e4 13. Ng5 exd3 14. cxd3 h6 15. Nf3 Bg6 16. Ne1 Qd7 17. a4 Rab8 18. Qb5 a6 19. Bxc6 bxc6 20. Qc5 Qxh3 21. Qxc6 Nd7 22. d4 Nf6 23. Qg2 Qh5 24. f3 Qd5 25. Qh2 Rb2 26. Rf2 Rfb8 27. Bc1 Rb1 28. Rfa2 Qc4 29. Qd2 Nd5 30. Rxb1 Rxb1 31. Ra3 Rb3 32. Qa2 Rxc3 33. Qxc4 Rxc4 34. Bb2 a5 35. Kf1 f6 36. Ke2 Kf7 37. Kd2 Ke6 38. Nd3 Bxd3 39. Kxd3 Rb4 40. Bc3 Nxc3 41. Rxc3 Kd6 42. Rc5 Rxa4 43. Ke4 g6 44. g4 Ra3 45. f4 c6 46. Rc1 Rg3 47. Ra1 Rxg4 48. Rxa5 g5 49. Kf5 Rxf4+ 50. Kg6 h5 51. Kxh5 Rxd4 52. Kg6 Rf4 0-1

[Event "Queenstown op"]
[Site "Queenstown"]
[Date "2006.01.16"]
[Round "2"]
[White "Chan, Jason"]
[Black "Smerdon, David"]
[Result "0-1"]
[WhiteElo "2128"]
[BlackElo "2421"]
[PlyCount "50"]
[EventDate "2006.01.15"]
[EventType "swiss"]
[EventRounds "10"]
[EventCountry "NZL"]
[SourceTitle "CBM 110 Extra"]
[Source "ChessBase"]
[SourceDate "2006.03.10"]
[SourceVersion "2"]
[SourceVersionDate "2006.03.10"]
[SourceQuality "1"]

1. e4 e5 2. Nf3 Nc6 3. Nc3 Nf6 4. g3 Nxe4 5. Nxe4 d5 6. Nc3 d4 7. Nb1 e4 8. Qe2 Qe7 9. Ng1 Nb4 10. Na3 d3 11. Qe3 dxc2 12. Bg2 f5 13. Ne2 Nd3+ 14. Kf1 Qe5 15. f4 Qe6 16. Nd4 Qf6 17. Bxe4 fxe4 18. Qxe4+ Be7 19. Qxd3 Bh3+ 20. Ke1 0-0-0 21. Naxc2 Bc5 22. g4 Rhe8+ 23. Kf2 Qxf4+ 24. Qf3 Bxd4+ 25. Nxd4 Qxd4+ 0-1

[Event "Oceania zt"]
[Site "Auckland"]
[Date "2005.02.03"]
[Round "7"]
[White "Chan, Jason"]
[Black "Cronan, James"]
[Result "0-1"]
[WhiteElo "2140"]
[BlackElo "2053"]
[PlyCount "62"]
[EventDate "2005.01.30"]
[EventType "swiss"]
[EventRounds "9"]
[EventCountry "NZL"]
[SourceTitle "CBM 104 Extra"]
[Source "ChessBase"]
[SourceDate "2005.03.01"]
[SourceVersion "1"]
[SourceVersionDate "2005.03.01"]
[SourceQuality "1"]

1. d3 Nc6 2. a3 e5 3. c4 f5 4. e3 Nf6 5. Nc3 a5 6. Qc2 Bc5 7. Nf3 d6 8. Be2 0-0 9. 0-0 Kh8 10. Rd1 Bb6 11. Rb1 h6 12. b4 Qe8 13. d4 e4 14. Nd2 axb4 15. axb4 f4 16. Ndxe4 Qg6 17. Bd3 Ng4 18. Nd2 Qh5 19. Nf3 fxe3 20. fxe3 Nxd4 21. Qb2 Nxf3+ 22. gxf3 Nxe3 23. Bxe3 Bxe3+ 24. Kh1 Qxf3+ 25. Qg2 Bg4 26. Rf1 Ra3 27. Be4 Qxg2+ 28. Kxg2 Rxf1 29. Rxf1 g5 30. Nd5 Bd4 31. Rf7 Bh3+ 0-1